书目信息 |
| 题名: |
艺术史的终结?
|
|
| 作者: | 贝尔廷 著 ;常宁生 编译 | |
| 分册: | ||
| 出版信息: | 北京 中国人民大学出版社 2010 |
|
| 页数: | 336页 | |
| 开本: | 23cm | |
| 丛书名: | 朗朗书房 | |
| 单 册: | ||
| 中图分类: | J110.9 | |
| 科图分类: | ||
| 主题词: | 艺术史--研究--西方国家 , 艺术史 | |
| 电子资源: | ||
| ISBN: | 978-7-300-05786-6 | |
| 000 | 01271oam2 2200301 45 | |
| 001 | 1029462308 | |
| 005 | 20100428093041.93 | |
| 010 | @a978-7-300-05786-6@dCNY24.80 | |
| 100 | @a20100426d2010 em y0chiy0120 ea | |
| 101 | 1 | @achi@cger@aeng |
| 102 | @aCN@b110000 | |
| 105 | @aa z 000yy | |
| 106 | @ar | |
| 200 | 1 | @a艺术史的终结?@AYi Shu Shi De Zhong Jie?@dThe End of the History of Art?@e当代西方艺术史哲学文选@EDang Dai Xi Fang Yi Shu Shi Zhe Xue Wen Xuan@f(德)汉斯·贝尔廷(Hans Belting)等著@F( De ) Han Si· Bei Er Ting (Hans Belting) Deng Zhu@g常宁生编译@zeng |
| 210 | @a北京@c中国人民大学出版社@d2010 | |
| 215 | @a336页@c照片,图@d23cm | |
| 225 | 2 | @a朗朗书房@i20世纪西方学术思想译丛 |
| 330 | @a本书选编了20位欧美当代著名艺术史家对艺术史学科的历史、现状的反思,以及对学科未来发展前景展望的论述。 | |
| 462 | 0 | @12001 @a朗朗书房@i20世纪西方学术思想译丛 |
| 510 | 1 | @aThe End of the History of Art?@zeng |
| 517 | 1 | @a当代西方艺术史哲学文选@ADang Dai Xi Fang Yi Shu Shi Zhe Xue Wen Xuan |
| 606 | 0 | @a艺术史@x研究@y西方国家 |
| 606 | 0 | @a艺术史 |
| 690 | @aJ110.9@v4 | |
| 701 | 1 | @a贝尔廷@ABei Er Ting@g(Belting, Hans@f1935~)@4著 |
| 702 | 0 | @a常宁生@AChang Ning Sheng@4编译 |
| 801 | 0 | @aCN@bTANGWEI@c20100428 |
| 905 | @b0595883-87@dJ110.9@e107@f5 | |
| 艺术史的终结?=The End of the History of Art?:当代西方艺术史哲学文选/(德)汉斯·贝尔廷(Hans Belting)等著/常宁生编译.-北京:中国人民大学出版社,2010 |
| 336页:照片,图;23cm.-(朗朗书房.20世纪西方学术思想译丛) |
| ISBN 978-7-300-05786-6:CNY24.80 |
| 本书选编了20位欧美当代著名艺术史家对艺术史学科的历史、现状的反思,以及对学科未来发展前景展望的论述。 |
| ● |
| 相关链接 |
|
|
|
|
正题名:艺术史的终结?
索取号:J110.9/107
 
预约/预借
| 序号 | 登录号 | 条形码 | 馆藏地/架位号 | 状态 | 备注 |
| 1 | 0595883 | 205958837 | 第一样本阅览室/ [索取号:J110.9/107] | 在馆 | |
| 2 | 0595884 | 205958846 | 第一借阅区/ [索取号:J110.9/107] | 在馆 | |
| 3 | 0595885 | 205958855 | 第一借阅区/ [索取号:J110.9/107] | 在馆 | |
| 4 | 0595886 | 205958864 | 第一借阅区/ [索取号:J110.9/107] | 在馆 | |
| 5 | 0595887 | 205958873 | 第一借阅区/ [索取号:J110.9/107] | 在馆 |